Statistics for Где је главни град на мапи земље?

Click here to take the quiz!

General Stats

  • This quiz has been taken 141 times
  • The average score is 8 of 15

Answer Stats

QuestionAnswer% Correct
Где је главни град Турске?
77%
Где је главни град Француске?
74%
Где је главни град Уједињеног Краљевства?
64%
Где је главни град Немачке?
63%
Где је главни град Сједињених Држава?
61%
Где је главни град Шпаније?
60%
Где је главни град Аустралије?
52%
Где је главни град Шведске?
48%
Где је главни град Бразила?
47%
Где је главни град Јапана?
47%
Где је главни град Египта?
46%
Где је главни град Кине?
46%
Где је главни град Индије?
44%
Где је главни град Канаде?
35%
Где је главни град Марока?
29%

Score Distribution

Percentile by Number Answered

Percent of People with Each Score

Your Score History

You have not taken this quiz